UITU Library & LRC     

Smart Energy Router (Record no. 33308)

MARC details
000 -LEADER
fixed length control field 00594nam a2200145Ia 4500
008 - FIXED-LENGTH DATA ELEMENTS--GENERAL INFORMATION
fixed length control field 260210s9999 xx 000 0 und d
024 ## - OTHER STANDARD IDENTIFIER
Standard number or code 18B-013-EE, 18B-014-EE, 18B-051-EE & 18B-056-EE
082 ## - DEWEY DECIMAL CLASSIFICATION NUMBER
Classification number 621.042072 AGH
100 ## - MAIN ENTRY--PERSONAL NAME
Personal name Syeda Areeba Agha, Saireen Badar, Syed Badar Ali Tirmizi, Syed Mubashir Abbas Zaidi
245 #0 - TITLE STATEMENT
Title Smart Energy Router
260 ## - PUBLICATION, DISTRIBUTION, ETC.
Place of publication, distribution, etc. Karachi:
Name of publisher, distributor, etc. UITU,
Date of publication, distribution, etc. 2018
600 ## - SUBJECT ADDED ENTRY--PERSONAL NAME
Personal name Electronic Engineering
650 ## - SUBJECT ADDED ENTRY--TOPICAL TERM
Topical term or geographic name entry element Bachelor of Engineering (BE)
856 ## - ELECTRONIC LOCATION AND ACCESS
Uniform Resource Identifier <a href="https://drive.google.com/file/d/13g8fJDVcIMKvUjIndUFk77r3c0hT6sVX/view?usp=sharing">https://drive.google.com/file/d/13g8fJDVcIMKvUjIndUFk77r3c0hT6sVX/view?usp=sharing</a>
Link text Click here to online Reading

No items available.

Powered by Koha